|
|
|
|
| LEADER |
00000cam a22000004a 4500 |
| 001 |
musev2_58397 |
| 003 |
MdBmJHUP |
| 005 |
20230905050013.0 |
| 006 |
m o d |
| 007 |
cr||||||||nn|n |
| 008 |
110928s2006 xx o 00 0 eng d |
| 020 |
|
|
|a 9780889206885
|
| 020 |
|
|
|z 0889206880
|
| 020 |
|
|
|z 9781554585472
|
| 035 |
|
|
|a (OCoLC)1080550033
|
| 040 |
|
|
|a MdBmJHUP
|c MdBmJHUP
|
| 100 |
1 |
|
|a McWilliam, Joanne,
|d 1928-
|
| 245 |
1 |
0 |
|a Augustine :
|b From Rhetor to Theologian
|
| 264 |
|
1 |
|a Waterloo :
|b Wilfrid Laurier University Press,
|c 2006.
|
| 264 |
|
3 |
|a Baltimore, Md. :
|b Project MUSE,
|c 2019
|
| 264 |
|
4 |
|c ©2006.
|
| 300 |
|
|
|a 1 online resource (247 pages).
|
| 336 |
|
|
|a text
|b txt
|2 rdacontent
|
| 337 |
|
|
|a computer
|b c
|2 rdamedia
|
| 338 |
|
|
|a online resource
|b cr
|2 rdacarrier
|
| 505 |
0 |
|
|a Contents; Contributors; Abbreviations; Introduction; Augustine, Symmachus, and Ambrose; The Literary Unity of the Confessions; From Literal Self-Sacrifice to Literary Self-Sacrifice: Augustine's Confessions and the Rhetoric of Testimony; Augustine's Conversion and the Ninth Book of the Confessions; "Homo Spiritualis" in the Confessions of St. Augustine; Augustine's Confessions: Elements of Fiction; Beyond Augustine's Conversion Scene; Augustinian Platonism in Early Medieval Theology; Pelagius Anticipated: Grace and Election in Augustine's Ad Simplicianum.
|
| 505 |
0 |
|
|a The Human and the Angelic Fall: Will and Moral Agency in Augustine's City of GodGoodness as Order and Harmony in Augustine; Christ and the Holy Spirit in Augustine's Theology of Baptism; Augustine's Ecclesiology Revisited; The Study of Augustine's Christology in the Twentieth Century; Augustine in Translation: Achievements and Further Goals; Index.
|
| 588 |
|
|
|a Description based on print version record.
|
| 600 |
0 |
7 |
|a Augustine,
|c of Hippo, Saint,
|d 354-430.
|2 fast
|0 (OCoLC)fst00061554
|
| 600 |
0 |
0 |
|a Augustine,
|c of Hippo, Saint,
|d 354-430.
|
| 650 |
|
7 |
|a Religion.
|2 fast
|0 (OCoLC)fst01093763
|
| 650 |
|
7 |
|a RELIGION
|x Christianity
|x General.
|2 bisacsh
|
| 650 |
|
7 |
|a RELIGION
|x Christian Theology
|x Systematic.
|2 bisacsh
|
| 650 |
|
7 |
|a religion (discipline)
|2 aat
|
| 650 |
|
6 |
|a Religion.
|
| 650 |
|
2 |
|a Religion
|
| 650 |
|
0 |
|a Religion.
|
| 655 |
|
7 |
|a Electronic books.
|2 local
|
| 700 |
1 |
|
|a Slater, Peter,
|d 1934-
|
| 700 |
1 |
|
|a Fahey, Michael A.
|q (Michael Andrew),
|d 1933-
|
| 700 |
1 |
|
|a Barnes, Timothy David.
|
| 710 |
2 |
|
|a Project Muse.
|e distributor
|
| 830 |
|
0 |
|a Book collections on Project MUSE.
|
| 856 |
4 |
0 |
|z Texto completo
|u https://projectmuse.uam.elogim.com/book/58397/
|
| 945 |
|
|
|a Project MUSE - Custom Collection
|
| 945 |
|
|
|a Project MUSE - Archive Complete Supplement VII
|
| 945 |
|
|
|a Project MUSE - Archive Philosophy and Religion Supplement VII
|